Statistiche per Albo d'oro Champions League

Clicka qui per fare il quiz!

Statistiche generali

  • Questo quiz è stato fatto 295 volte
    (135 dall'ultimo reset)
  • Il punteggio medio è 63 su 68

Statistiche sulle risposte

AnnoVincitore% Corretto
1955-56Real Madrid
100%
2015-16Real Madrid
100%
1997-98Real Madrid
100%
1999-00Real Madrid
100%
2001-02Real Madrid
100%
2013-14Real Madrid
100%
1965-66Real Madrid
100%
2016-17Real Madrid
100%
2017-18Real Madrid
100%
2021-22Real Madrid
100%
1959-60Real Madrid
100%
1958-59Real Madrid
100%
1957-58Real Madrid
100%
1956-57Real Madrid
100%
1963-64Inter
99%
1964-65Inter
99%
2009-10Inter
99%
1988-89Milan
99%
2006-07Milan
99%
2002-03Milan
99%
1993-94Milan
99%
1989-90Milan
99%
1962-63Milan
99%
1968-69Milan
99%
2014-15Barcellona
98%
2010-11Barcellona
98%
2008-09Barcellona
98%
2005-06Barcellona
98%
1991-92Barcellona
98%
1995-96Juventus
98%
1984-85Juventus
98%
1977-78Liverpool
96%
2018-19Liverpool
96%
1980-81Liverpool
96%
1983-84Liverpool
96%
1976-77Liverpool
96%
2004-05Liverpool
96%
2022-23Manchester City
96%
1967-68Manchester United
96%
1998-99Manchester United
96%
2007-08Manchester United
96%
1974-75Bayern Monaco
95%
1975-76Bayern Monaco
95%
2019-20Bayern Monaco
95%
2012-13Bayern Monaco
95%
2000-01Bayern Monaco
95%
1973-74Bayern Monaco
95%
2020-21Chelsea
94%
2011-12Chelsea
94%
1986-87Porto
88%
2003-04Porto
88%
1960-61Benfica
86%
1961-62Benfica
86%
1970-71Ajax
85%
1971-72Ajax
85%
1994-95Ajax
85%
1972-73Ajax
85%
1996-97Borussia Dortmund
85%
1992-93Olympique Marsiglia
84%
1979-80Nottingham Forest
83%
1978-79Nottingham Forest
83%
1990-91Stella Rossa
73%
1966-67Celtic
68%
1985-86Steaua Bucarest
67%
1987-88PSV
64%
1982-83Amburgo
62%
1969-70Feyenoord
62%
1981-82Aston Villa
60%

Distribuzione punteggi

Percentile per numero di risposta

Percentuale di utenti per punteggio

I tuoi punteggi nel tempo

Non hai fatto questo quiz dall'ultimo reset